000
00277nam a2200109Ia 4500
008
220204s9999 xx 000 0 und d
082
_a
658.5
_b
LUC;1
100
_a
Luck, David J
245
0
_a
Product policy and strategy
260
_a
New Delhi
_b
Prentice Hall
_c
1976
942
_c
BK
999
_c
30563
_d
30563